000 00275nam a2200109Ia 4500
008 220204s9999 xx 000 0 und d
082 _bKHA
100 _aKhan, G
245 0 _aKents' spoken Arabic in one month
260 _aJullunder
_bSchool of Foreign Language
942 _cBK
999 _c28793
_d28793